[Event "BCF-chT4 2223 (4NCL)"]
[Site "England"]
[Date "2023.04.30"]
[Round "10.121"]
[White "Jayakumar, Bharath"]
[Black "Neatherway, A Philip"]
[Result "1/2-1/2"]
[WhiteElo "1726"]
[BlackElo "1825"]
[PlyCount "76"]
[EventDate "2022.11.05"]
[EventType "team-swiss"]
[EventRounds "11"]
[EventCountry "ENG"]
[SourceTitle "EXT 2024"]
[Source "ChessBase"]
[SourceDate "2023.10.10"]
[SourceVersion "1"]
[SourceVersionDate "2023.10.10"]
[SourceQuality "1"]
[WhiteTeam "Cambridge University"]
[BlackTeam "Oxford IV"]
[WhiteTeamCountry "ENG"]
[BlackTeamCountry "ENG"]

1. d4 Nf6 2. c4 g6 3. Nc3 d5 4. Nf3 Bg7 5. Bf4 0-0 6. e3 c5 7. Be2 Nc6 8. h3 cxd4 9. exd4 a6 10. 0-0 dxc4 11. Bxc4 b5 12. Bb3 Bb7 13. a3 Rc8 14. Rc1 Na5 15. Ba2 Nc4 16. Bxc4 Rxc4 17. Be3 Nd5 18. Nxd5 Bxd5 19. Rxc4 Bxc4 20. Re1 Qd5 21. Nd2 e6 22. Qc2 Bxd4 23. b3 Bxe3 24. Rxe3 Rd8 25. Nxc4 bxc4 26. bxc4 Qd1+ 27. Qxd1 Rxd1+ 28. Kh2 Rc1 29. Re4 Kf8 30. Rd4 Ke7 31. f3 Rc3 32. a4 Ra3 33. c5 Rc3 34. Rd6 a5 35. Rc6 Kd7 36. Rd6+ Kc7 37. Ra6 Rxc5 38. Ra7+ Kd6 1/2-1/2

[Event "BCF-chT4 2223 (4NCL)"]
[Site "England"]
[Date "2022.11.06"]
[Round "2.95"]
[White "Jayakumar, Bharath"]
[Black "Parsons, Ben D"]
[Result "1-0"]
[WhiteElo "1514"]
[BlackElo "1415"]
[PlyCount "55"]
[EventDate "2022.11.05"]
[EventType "team-swiss"]
[EventRounds "11"]
[EventCountry "ENG"]
[SourceTitle "EXT 2024"]
[Source "ChessBase"]
[SourceDate "2023.10.10"]
[SourceVersion "1"]
[SourceVersionDate "2023.10.10"]
[SourceQuality "1"]
[WhiteTeam "Cambridge University"]
[BlackTeam "War and Piece II"]
[WhiteTeamCountry "ENG"]
[BlackTeamCountry "ENG"]

1. d4 d5 2. c4 e6 3. Nc3 Nf6 4. Bg5 Be7 5. Nf3 0-0 6. e3 c5 7. Bd3 Nc6 8. 0-0 Nb4 9. Be2 b6 10. a3 Nc6 11. Rc1 a6 12. cxd5 exd5 13. dxc5 bxc5 14. Bxf6 Bxf6 15. Qxd5 Qxd5 16. Nxd5 Bxb2 17. Rxc5 Be6 18. Nc7 Bxa3 19. Rxc6 Rfc8 20. Bxa6 Rxc7 21. Rxc7 Rxa6 22. Rd1 Bd6 23. Rb7 h6 24. Nd4 Bg4 25. f3 Bc8 26. Rbb1 Be5 27. Ra1 Rg6 28. Ra8 1-0